000 00711nam a2200253Ia 4500
003 OSt
005 20220918215807.0
006 a|||||r|||| 00| 0
007 ta
008 220917b |||||||| |||| 00| 0 eng d
024 _a142,682
037 _cTextual
040 _aARTS
_cARTS
_beng
041 _2eng
_aeng
082 _aY13:4:67, N0(SD)
100 _aChellis Robert D
_9135243
245 0 _aLife care
_b A long-term solution?
260 _aLexington
_bLexington Books
_c1990
300 _axxiv 388p.
_ccm.
500 _aAppendex p.323-56(A-G); Includes index
650 _aSOCIOLOGY
942 _hY13:4:67, N0(SD)
_cTEXL
_2CC
999 _c265640
_d265640